AUTHORING autism : (Record no. 170404)

MARC details
000 -LEADER
fixed length control field 00945nam a22003017i 4500
003 - CONTROL NUMBER IDENTIFIER
control field PPAK
005 - DATE AND TIME OF LATEST TRANSACTION
control field 20190630214055.0
008 - FIXED-LENGTH DATA ELEMENTS--GENERAL INFORMATION
fixed length control field 181202s2017 my a|||g |||| 001 0 eng d
020 ## - INTERNATIONAL STANDARD BOOK NUMBER
International Standard Book Number 9780822370208
Terms of availability RM130.00
Qualifying information paperback
040 ## - CATALOGING SOURCE
Original cataloging agency PPAK
Language of cataloging eng
Transcribing agency PPAK
Description conventions rda
082 04 - DEWEY DECIMAL CLASSIFICATION NUMBER
Edition number 23
Classification number 616.85882
090 00 - LOCALLY ASSIGNED LC-TYPE CALL NUMBER (OCLC); LOCAL CALL NUMBER (RLIN)
Classification number (OCLC) (R) ; Classification number, CALL (RLIN) (NR) 616.85882
Feature heading YER
Feature heading R
100 1# - MAIN ENTRY--PERSONAL NAME
Personal name Yergeau, Melanie,
Dates associated with a name 1984-
Relator term author.
245 10 - TITLE STATEMENT
Title AUTHORING autism :
Remainder of title on rhetoric and neurological queerness /
Statement of responsibility, etc. Melanie Yergeau
264 #1 - PRODUCTION, PUBLICATION, DISTRIBUTION, MANUFACTURE, AND COPYRIGHT NOTICE
Place of production, publication, distribution, manufacture Durham :
Name of producer, publisher, distributor, manufacturer Duke University Press,
Date of production, publication, distribution, manufacture, or copyright notice 2018
300 ## - PHYSICAL DESCRIPTION
Extent x, 302 pages :
Other physical details illustrations ;
Dimensions 23 cm
336 ## - CONTENT TYPE
Source rdacontent
Content type term text
337 ## - MEDIA TYPE
Source rdamedia
Media type term unmediated
338 ## - CARRIER TYPE
Source rdacarrier
Carrier type term volume
490 1# - SERIES STATEMENT
Series statement Thought in the act
500 ## - GENERAL NOTE
General note Includes references and index
504 ## - BIBLIOGRAPHY, ETC. NOTE
Bibliography, etc. note Bibliography pages : 261-287
650 10 - SUBJECT ADDED ENTRY--TOPICAL TERM
Topical term or geographic name entry element Autism
Topical term or geographic name entry element Autistic people
Topical term or geographic name entry element Disability studies
830 #0 - SERIES ADDED ENTRY--UNIFORM TITLE
Uniform title Thought in the act
942 ## - ADDED ENTRY ELEMENTS (KOHA)
Source of classification or shelving scheme Dewey Decimal Classification
Koha item type Book
Holdings
Withdrawn Not for loan Current library Shelving location Date acquired Full call number Barcode Date last seen Koha item type
  Not For Loan Perpustakaan Alor Setar Rujukan Dewasa 16/12/2018 R 616.85882 YER A01588613 16/12/2018 Book
  Not For Loan Perpustakaan Awam Sungai Petani Rujukan Dewasa 16/12/2018 R 616.85882 YER A01588614 16/12/2018 Book
  Not For Loan Perpustakaan Jitra Rujukan Dewasa 16/12/2018 R 616.85882 YER A01588615 16/12/2018 Book
  Not For Loan Perpustakaan Kulim Rujukan Dewasa 16/12/2018 R 616.85882 YER A01588617 16/12/2018 Book
  Not For Loan Perpustakaan Langkawi Rujukan Dewasa 16/12/2018 R 616.85882 YER A01588616 16/12/2018 Book